24kGoldn Charting Songs (Billboard Hot Rock / Alt) - Statistics

General Stats
  • This quiz has been taken 13 times
    5 since last reset
  • The average score is 2 of 5
Answer Stats
Album Weeks On Peak Artist(s) Song % Correct
El Dorado 52 Weeks #1 24kGoldn ft. iann dior Mood
100%
DROPPED OUTTA COLLEGE 20 Weeks #7 24kGoldn City of Angels
50%
El Dorado 11 Weeks #19 24kGoldn 3, 2, 1
25%
El Dorado 1 Week #36 24kGoldn Love or Lust
25%
Non-Album Single 1 Week #43 24kGoldn ft. Travis Barker In My Head
0%
No matching quizzes found
Score Distribution
Percent of People with Each Score
Percentile by Number Answered
Your Score History
You have not taken this quiz since the last reset